000 01010cam a22003014a 4500
020 _a9789027232472 (hb : alk. paper)
020 _a9027232474 (hb : alk. paper)
040 _cDLC
082 0 0 _a362 JOH 2008 C154 Or.
245 0 0 _aAdapting health communication to cultural needs :
_boptimizing documents in South-African health communication on HIV and AIDS /
260 _aAmsterdam ;
_aPhiladelphia :
_bJohn Benjamins Pub. Co.,
_cc2008.
300 _a178 p. :
_bill. ;
_c25 cm.
650 0 _aAIDS (Disease)
650 0 _aHIV infections
650 0 _aCommunication in medicine
650 0 _aIntercultural communication
650 0 _aHealth education
650 1 2 _aHIV Infections
650 2 2 _aCommunication
650 2 2 _aCultural Characteristics
650 2 2 _aCultural Competency
650 2 2 _aHealth Education
650 2 2 _aHealth Promotion
700 1 _aSwanepoel, Piet,
700 1 _aHoeken, Hans,
856 4 1 _uhttp://www.loc.gov/catdir/toc/ecip0816/2008018019.html
942 _cAEDBB
999 _c18915
_d18915